01604nam a2200361 i 4500001001000000003000900010005001700019007000300036008004100039020001500080040003000095041000800125082002200133100004100155245028000196264004000476300002800516336002700544337003300571338002800604500006800632500007300700504003900773650004500812650003400857700003300891700004000924700003600964700003901000700006501039700004901104710008901153000006769DO-SdBNP20250822102251.0ta090902s2005 dr 000 0 spa d a9945415085 aDO-SdBNPbspacBNPHUerda aspa 4a370.98bG358i2221 aGerardo Weisz, Vilma R.eautor4aut.10aInnovación educativa :bperspectivas de la investigación y el magisterio /cVilma R. Gerardo Weisz, Sabina Barone, Frankelly Martínez, Franklin Peralta y Raymundo González ; cuidado de edición, Diógenes Céspedes ; prólogo y coordinación, Radhamés Mejía. 1aSanto Domingo :bCEIDHUMANO,c2005. a102 páginas :b22 cm. atextobtxt2rdacontent asin mediaciónbn2rdamedia avolumenbnc2rdacarrier aEn la cubierta: "Espacio de la Reflexión Foro Socioeducativo" aIncluye referencias bibliográficas y notas al pie de las páginas aBibliografía : páginas 100-102 4aInnovación educativazAmérica Latina 4aEducaciónzAmérica Latina1 aBarone, Sabine,eautor4aut.1 aMartínez, Frankelly,eautor4aut.1 aPeralta, Franklin,eautor4aut.1 aGonzález, Raymundo,eautor4aut.1 aMejía, Radhamés,eprologuista y coordinador4pr., coord.1 aCéspedes, Diógenes,d1941-eeditor4ed..2 aCentro de Investgación en Educación y Desarrollo Humano (República Dominicana)